Destierros y tinieblas
Guardado en:
| Hovedforfatter: | |
|---|---|
| Format: | Bog |
| Sprog: | Undetermined |
| Udgivet: |
Santiago, Chile
Zig-Zag
1963
|
| Fag: | |
| Tags: |
Tilføj Tag
Ingen Tags, Vær først til at tagge denne postø!
|
MARC
| LEADER | 00000nam a2200000Ia 4500 | ||
|---|---|---|---|
| 008 | 170316s9999 xx 000 0 und d | ||
| 040 | |a cru BVZT | ||
| 090 | |a 860 A-38d | ||
| 100 | |a Arteche, Miguel |9 1007 | ||
| 245 | |a Destierros y tinieblas |c / Miguel Arteche | ||
| 260 | |a Santiago, Chile |b Zig-Zag |c 1963 | ||
| 300 | |a 158 páginas | ||
| 650 | |a LITERATURA LATINOAMERICANA |9 15 | ||
| 999 | |c 8333 |d 8333 | ||
| 942 | |c 15 D |h 860 A-38d |2 z | ||
